| 000 | 00496nam a22001817a 4500 | ||
|---|---|---|---|
| 003 | MN-UlNLM | ||
| 005 | 20250122120735.0 | ||
| 008 | 241028s2024 mp ||||| |||| 00| 0 mon d | ||
| 020 | _a9789919039226 | ||
| 040 | _bmon | ||
| 084 |
_2NNA _a84(7АНУ)-44 _bХ 904 _q84 |
||
| 100 | 1 | _aХэмингуэй Э. | |
| 245 | 1 |
_aОрших эс оршихуй _bРоман _cОрч. В.Батболд |
|
| 260 | 1 |
_aУБ _bЖиком пресс _c2024 |
|
| 300 | _a252х | ||
| 546 | _amon | ||
| 942 | _cBK | ||
| 999 |
_c1145486 _d1145543 |
||